000 00297nam a2200145Ia 4500
100 _aInfuse Inc
942 _cBK
654 _aManufacturing
245 _aManufacturing
260 _bInfuse Inc
_aNew Delhi
_c1995
082 _a658.562
_bINF
300 _a144
546 _aENGLISH
999 _c27482
_d27482